000 00645nam a22002537a 4500
003 UA-OsUOA
001 132630
007 ta
008 20180828b un ||||| |||| 00| 0 ukr d
100 _aГримич М.
090 _a821.161.2
_bГ84
942 _cBK
040 _aUA-OsUOA
_bukr
_cUA-OsUOA
_dUA-OsUOA
245 _aМагдалинки
_bроман
300 _a240 с.
955 _a3
041 _aukr
080 _a821.161.2
020 _a978-966-8910-82-1
260 _aК.
_bДуліби
_c2016
250 _n2-е вид.
650 7 _a82 Література. Літературознавство
_2UDC
999 _c421183
_d421183